000 00606nam a2200205 a 4500
005 20210219152909.0
008 991125n 000 0 spa u
035 _aUPN01000066130
100 _aCORDOBA, Carlos A.
222 _aEDUCACION Y BIBLIOTECA :
_bREVISTA MENSUAL DE DOCUMENTACION Y RECURSOS DIDACTICOS
245 _aLas bibliotecas escolares : Argentina
260 _aMADRID, ESPAÑA
300 _a18-20
362 _a1994 Año 6, no. 43, (ene.)
653 0 _aARGENTINA
653 0 _aBIBLIOTECAS ESCOLARES
653 0 _aFORMACION PROFESIONAL
904 _aAC
_b003941
905 _aArticulo
999 _c63318
_d63318